000 00329nam a22001457a 4500
003 SGT
020 _a978-81265-3114-1
082 _a616.89
_bS14K
100 _aKING, BRUCE M.
245 _aSTATISTICAL REASONING IN THE BEHAVIORAL SCIENCE
250 _a5TH
260 _aINDIA
_bWILEY
_c2014
300 _a487
942 _2ddc
_cBK
999 _c18134
_d18134